Регионална библиотека "Любен Каравелов" - Русе

Страната на Оз (Запис номер 21284)

MARC детайли
000 -Лидер
Контролно поле с фиксирана дължина 01378nam a2200313 c 4500
003 - Код на организацията, давaща контролен номер
Контролно поле BLK
005 - Дата и час на последна редакция
Контролно поле 20180422095239.0
008 - Елементи от данни с фиксирана дължина
fixed length control field 180413b bul|||||r ||||||| ||bul||
010 ## - Наследен системен номер
LC control number KNG00023561000
020 ## - Международен стандартен номер на книга ISBN
Международен стандартен номер на книга ISBN 954-657-177-6
-- издат.: Пан
040 ## - Източник на каталожния запис
Идентификатор на билиотеката - собственик на записа BLK
041 ## - Код за език
Код за езика на текст/звукозапис или на отделно заглавие Български
Код за езика КДБФ Български
080 ## - УДК
Текстов определител УДК Американска литература (на САЩ)
УДК код - определител по УДК 821.111(73)
УДК определител -93-32
УДК - код + определител 821.111(73)-93-32
100 1# - Редна дума - Автор
Автор Баум, Лиман Франк
Авторска отговорност първи автор
R(LIN) 258875
139 ## - Редно поле
Редна дума Баум, Лиман Франк
Авторски знак Бау - Б 29
245 10 - Сведения за заглавието
Заглавие Страната на Оз
Подзаглавни данни Новите приключения на Плашилото и Тенекиения дървар : Приказна повест
Редно поле (дума) Лиман Франк Баум; прев. от англ. Жени Панайотова Божилова.
257 ## - Страна на издаване
Страна на създаване/издаване Съединени американски щати
260 ## - Област на издателските данни
-- София
Име на издателя, разпространителя и проч. Пан
Година на издаване 1998
Печатница София : Балкан прес
300 ## - Физическа характеристика
Страници 174 с.
Илюстрации и др. с ил.
Размери/Мащаб 20 см
380 ## - Жанр
Жанр Детска худож. лит.
490 1# - СЕРИИ (Колекции)
Име на серия Вечните детски романи
№: серия 43
500 ## - Общи забележки
Забележка Кн. е продълж. на Вълшебникът от Оз от същия авт.
700 1# - Други автори (авторска отговорност)
Лично име Божилова, Жени Панайотова
Автороска отговорност (Описва отношението между автора и произведението) прев. от англ.
9 (RLIN) 363346
852 ## - Местоположение
Форматна сигнатура Цб 197245
856 4# - Електронен адрес и достъп
Електронен формат pdf - файл
Път до файла /url/
856 4# - Електронен адрес и достъп
Електронен формат pdf - файл
Път до файла /url/
942 ## - АРТИКУЛИ
Вид на библиотечния материал Книги
Скрит в OPAC Не
944 ## - СЪЗДАВАНЕ И РЕДАКЦИЯ на ЗАПИСА
Създаване/Редакция Създаване
Дата на регистрацията/редакция 15.01.2003
Служител, извършил регистрацията/редакцията Милена_Ачева
944 ## - СЪЗДАВАНЕ И РЕДАКЦИЯ на ЗАПИСА
Създаване/Редакция Редакция
Дата на регистрацията/редакция 18.02.2012
Служител, извършил регистрацията/редакцията
999 ## - СИСТЕМНИ КОНТРОЛНИ НОМЕРА
Koha biblionumber 21284
Koha biblioitemnumber 21284
Наличности
Код за отписване Код за изгубен артикул Източник на класификационната схема Код за повреда Коз за рестрикции Код за отдаване Артикулен № Име на библиотеката - собственик Име на библиотеката, в която се намира в момента Статус (Текущо местоположение) Дата на вписване в системата Местоположение - отдел Цена в лева Инвентарен номер Систематично азбучна сигнатура Баркод Номер на екземпляра Цена в евро Служебна бележка Служебен тип на артикула
  Не е изгубен Universal Decimal Classification Не е повреден без рестрикции ползва се в читалня 35162 Регионална библиотека "Любен Каравелов" Русе Регионална библиотека "Любен Каравелов" Русе Хранилище 1998-01-01 Хранилище 2.30 642775 Цб 197245 120000642775 1 1.18 Дост: Dp Вид: Д N: 33 Дата: 01.01.1998 Книги
Изтеглен Не е изгубен Universal Decimal Classification Не е повреден без рестрикции заемане за дома 35163 Регионална библиотека "Любен Каравелов" Русе Регионална библиотека "Любен Каравелов" Русе Детски отдел 1998-01-01 Детски отдел 2.30 641079 ДХ 820/899/ Б 29 641079 2 1.18 Вид: Ф N: стар фонд Дата: 01.01.1998 Дата инв: 06.08.2015 Бележки инв: Д2015 Книги
Изтеглен Не е изгубен Universal Decimal Classification Не е повреден без рестрикции заемане за дома 35164 Регионална библиотека "Любен Каравелов" Русе Регионална библиотека "Любен Каравелов" Русе Детски отдел 1998-01-01 Детски отдел 2.30 641080 ДХ 820/899/ Б 29 120000641080 3 1.18 Вид: Ф N: стар фонд Дата: 01.01.1998 Дата инв: 06.08.2015 Бележки инв: Д2015 Книги
Vip Innovations Ltd, Rousse, Bulgaria 2025